000 00674nam a2200217 a 4500
999 _c1037
_d1037
001 1037
003 BD-JhCC
005 20171015120939.0
008 171014s2000 bg |||| |||| 00| 0 ben d
035 _a(BD-JhCC)1037
040 _aBD-JhCC
_dBD-JhCC
041 _aben
082 _a891.4409
_bIMA 2000
100 _aইমাম, আলী
245 _aনির্বাচিত :
_bআলী ইমামের শততম বই /
_cআলী ইমাম
260 _aঢাকাঃ
_bবিদ্যা প্রকাশনী,
_c2000
300 _a511 p. :
_c21 cm
650 _aBengali literature
_xCollective of essays
942 _2ddc
_cBK